J.J. Cale Discography - Statistics

General Stats
  • This quiz has been taken 2 times
  • The average score is 11 of 26
Answer Stats
Type Year Name % Correct
Album 1972 Naturally
100%
Album 1974 Okie
100%
Album 1979 5
50%
Album 1983 #8
50%
Compilation 1997 Anyway the Wind Blows: The Anthology
50%
Album 1994 Closer to You
50%
Album 1982 Grasshopper
50%
Album 1996 Guitar Man
50%
Live Album 2001 Live
50%
Album 1992 Number 10
50%
Album 1973 Really
50%
Compilation 2007 Rewind: The Unreleased Recordings
50%
Album 2009 Roll On
50%
Album 1981 Shades
50%
Collaborative Album 2006 The Road to Escondido
50%
Compilation 2011 The Silvertone Years
50%
Compilation 1998 The Very Best of J.J. Cale
50%
Album 2004 To Tulsa and Back
50%
Album 1990 Travel-Log
50%
Album 1976 Troubadour
50%
Compilation 2003 After Midnight
0%
Compilation 2006 Collected
0%
Collaborative Live Album 2016 Live in San Diego
0%
Compilation 1984 Special Edition
0%
Compilation 2006 The Definitive Collection
0%
Compilation 2000 Universal Masters Collection
0%
No matching quizzes found
Score Distribution
Percent of People with Each Score
Percentile by Number Answered
Your Score History
You have not taken this quiz